The Global warming survival guide: 51 things you can do to make a difference (Record no. 45735)
[ view plain ]
| 000 -LEADER | |
|---|---|
| fixed length control field | 00276nam a2200097Ia 4500 |
| 245 #4 - TITLE STATEMENT | |
| Title | The Global warming survival guide: 51 things you can do to make a difference |
| 260 ## - PUBLICATION, DISTRIBUTION, ETC. (IMPRINT) | |
| Name of publisher | Time |
| Year of publication | 2007 |
| 300 ## - PHYSICAL DESCRIPTION | |
| Number of Pages | Special isue |
| 942 ## - ADDED ENTRY ELEMENTS (KOHA) | |
| Koha item type | Reprints |
| Withdrawn status | Lost status | Damaged status | Not for loan | Home library | Current library | Date acquired | Serial Enumeration / chronology | Koha item type |
|---|---|---|---|---|---|---|---|---|
| Reprints | RRII Library | RRII Library | 22/12/2021 | Volume 169, Issue 13 | Reprints |